000 00250nam a2200097Ia 4500
001 713375
005 20250826162845.0
008 250824s9999 xx 000 0 und d
245 0 _aKENDİMDEN GEÇİYORDUM
_cMİNE SOTA
260 _bGENÇ TİMAŞ YAYINLARI
999 _c713375
_d713375